Normal view
MARC view
- ابراهيم،ريكان
Entry Personal Name
001 - CONTROL NUMBER
- control field: 21860
003 - CONTROL NUMBER IDENTIFIER
- control field: JO-AjAnu
005 - DATE AND TIME OF LATEST TRANSACTION
- control field: 20230606073800.0
008 - FIXED-LENGTH DATA ELEMENTS
- fixed length control field: 230606|| aca||aabn | a|a d
040 ## - CATALOGING SOURCE
- Original cataloging agency: JO-AjAnu
- Transcribing agency: JO-AjAnu
100 ## - HEADING--PERSONAL NAME
- Personal name: ابراهيم،ريكان
670 ## - SOURCE DATA FOUND
- Source citation: Work cat.: (JO-AjAnu)11234: ابراهيم،ريكان, author, النفس والعدوان:دراسة نفسية اجتماعية في ظاهرة العدوان البشري